00487nam a2200181 a 450000100060000000300090000600800410001502000150005604000280007108200170009910000260011624500320014226000380017430000100021249000380022265000160026065000290027619542CO-ViMGA141112s2004 ck r 000 u spa d a8440697171 aCO-ViMGAbspacCO-ViMGA04a616.12 D184e1 aDavidson, Christopher10aLas enfermedades coronarias aBarcelona : bEdiciones B, c1999 a96 p. aGuías medicas Salud y bienestar14aCARDIOLOGIA14aCORAZÓN - ENFERMEDADES